[Event "Kerkinitida 2021"]
[Site "Yevpatoria"]
[Date "2021.10.23"]
[Round "5.1"]
[White "Chos, Alexey"]
[Black "Triapishko, Alexandr"]
[Result "1-0"]
[WhiteElo "2296"]
[BlackElo "2506"]
[Annotator "ChessBase"]
[PlyCount "208"]
[EventDate "2021.10.19"]
[EventType "swiss"]
[SourceTitle "playchess.com"]
[Source "ChessBase"]
[SourceQuality "1"]
[TimeControl "5400+30"]

1. e4 {[%emt 0:09:23]} c6 {[%emt 0:03:40]} 2. d4 {[%emt 0:00:04]} d5 {[%emt 0:00:11]} 3. e5 {[%emt 0:00:02]} Bf5 {[%emt 0:00:35]} 4. Nf3 {[%emt 0:00:04]} e6 {[%emt 0:00:34]} 5. Be2 {[%emt 0:00:32]} Nd7 {[%emt 0:12:24]} 6. O-O {[%emt 0:00:11]} a6 {[%emt 0:00:56]} 7. a4 {[%emt 0:01:45]} Ne7 {[%emt 0:09:20]} 8. Be3 {[%emt 0:00:29]} Bg6 {[%emt 0:24:20]} 9. Nbd2 {[%emt 0:03:10]} Nf5 {[%emt 0:06:22]} 10. Bf4 {[%emt 0:00:15]} Be7 {[%emt 0:06:03]} 11. a5 {[%emt 0:02:51]} c5 {[%emt 0:03:35]} 12. c4 {[%emt 0:01:03]} Nxd4 {[%emt 0:01:48]} 13. Nxd4 {[%emt 0:01:16]} cxd4 {[%emt 0:00:15]} 14. cxd5 {[%emt 0:00:27]} d3 {[%emt 0:02:35]} 15. Bf3 {[%emt 0:01:02]} exd5 {[%emt 0:00:47]} 16. Bxd5 {[%emt 0:00:35]} Nc5 {[%emt 0:01:04]} 17. Bc4 {[%emt 0:05:34]} O-O {[%emt 0:03:36]} 18. Be3 {[%emt 0:00:55]} Ne6 {[%emt 0:03:22]} 19. f4 {[%emt 0:00:48]} Nd4 {[%emt 0:01:15]} 20. Kh1 {[%emt 0:10:33]} Nc2 {[%emt 0:03:17]} 21. Bb6 {[%emt 0:00:39]} Qd7 {[%emt 0:00:33]} 22. Rc1 {[%emt 0:03:27]} Rac8 {[%emt 0:03:33]} 23. b3 {[%emt 0:03:44]} Ba3 {[%emt 0:01:58]} 24. Rb1 {[%emt 0:02:12]} Bb4 {[%emt 0:05:05]} 25. Nf3 {[%emt 0:08:22]} Na3 {[%emt 0:03:08]} 26. e6 {[%emt 0:00:39]} fxe6 {[%emt 0:00:04]} 27. Ne5 {[%emt 0:00:04]} Qd6 {[%emt 0:00:10]} 28. Nxg6 {[%emt 0:00:32]} hxg6 {[%emt 0:00:35]} 29. Bxd3 {[%emt 0:03:55]} Nxb1 {[%emt 0:00:04]} 30. Qxb1 {[%emt 0:00:15]} Rxf4 {[%emt 0:01:49]} 31. Rd1 {[%emt 0:02:08]} Qc6 {[%emt 0:01:24]} 32. Bc4 {[%emt 0:01:52]} Rg4 {[%emt 0:00:55]} 33. Qc2 {[%emt 0:00:21]} Qe4 {[%emt 0:00:27]} 34. Qf2 {[%emt 0:00:41]} Rf8 {[%emt 0:00:43]} 35. Qg1 {[%emt 0:02:39]} Kh7 {[%emt 0:00:59]} 36. Rd4 {[%emt 0:00:59]} Qf5 {[%emt 0:00:07]} 37. Bd3 {[%emt 0:01:02]} Qg5 {[%emt 0:00:10]} 38. Rd7 {[%emt 0:00:21]} Qe5 {[%emt 0:01:15]} 39. h3 {[%emt 0:02:49]} Rh4 {[%emt 0:00:29]} 40. Bd4 {[%emt 0:00:28]} Rxd4 {[%emt 0:00:03]} 41. Qxd4 {[%emt 0:01:35]} Qxd4 {[%emt 0:00:28]} 42. Rxd4 {[%emt 0:00:02]} Bxa5 {[%emt 0:00:10]} 43. Bc4 {[%emt 0:00:32]} g5 {[%emt 0:01:09]} 44. Re4 {[%emt 0:00:22]} b5 {[%emt 0:00:40]} 45. Bd3 {[%emt 0:00:11]} Rd8 {[%emt 0:00:29]} 46. Bc2 {[%emt 0:01:37]} Rd2 {[%emt 0:00:31]} 47. Rc4+ {[%emt 0:00:19]} Kg8 {[%emt 0:00:18]} 48. Rc6 {[%emt 0:00:16]} Bb4 {[%emt 0:00:39]} 49. Bg6 {[%emt 0:00:51]} Rd1+ {[%emt 0:00:02]} 50. Kh2 {[%emt 0:00:18]} Bd6+ {[%emt 0:00:07]} 51. g3 {[%emt 0:00:15]} Kf8 {[%emt 0:01:00]} 52. Rxa6 {[%emt 0:00:08]} Ke7 {[%emt 0:00:31]} 53. Ra2 {[%emt 0:02:13]} Kf6 {[%emt 0:00:51]} 54. Bh5 {[%emt 0:00:15]} Rd3 {[%emt 0:00:22]} 55. Rf2+ {[%emt 0:00:22]} Ke5 {[%emt 0:00:38]} 56. Re2+ {[%emt 0:00:29]} Kd5 {[%emt 0:00:26]} 57. Bg4 {[%emt 0:02:59]} Bxg3+ {[%emt 0:00:30]} 58. Kg2 {[%emt 0:00:02]} Be5 {[%emt 0:00:07]} 59. b4 {[%emt 0:00:41]} Rg3+ {[%emt 0:00:57]} 60. Kf2 {[%emt 0:02:51]} Rb3 {[%emt 0:00:04]} 61. Bf3+ {[%emt 0:00:33]} Kd6 {[%emt 0:00:08]} 62. Re4 {[%emt 0:00:15]} Bc3 {[%emt 0:00:24]} 63. Be2 {[%emt 0:02:06]} Bxb4 {[%emt 0:00:25]} 64. Rd4+ {[%emt 0:00:55]} Kc7 {[%emt 0:01:15]} 65. Rd3 {[%emt 0:00:46]} Bc5+ {[%emt 0:00:29]} 66. Kf3 {[%emt 0:00:02]} Rb2 {[%emt 0:00:34]} 67. Bd1 {[%emt 0:00:17]} b4 {[%emt 0:00:33]} 68. Bb3 {[%emt 0:00:14]} e5 {[%emt 0:00:11]} 69. Ke4 {[%emt 0:00:18]} Bd4 {[%emt 0:00:10]} 70. Kd5 {[%emt 0:00:21]} Rf2 {[%emt 0:01:17]} 71. Kc4 {[%emt 0:00:32]} Bc3 {[%emt 0:00:29]} 72. Kc5 {[%emt 0:01:18]} Rf6 {[%emt 0:00:31]} 73. Ba4 {[%emt 0:00:14]} Rf7 {[%emt 0:00:31]} 74. Kd5 {[%emt 0:00:56]} Kb6 {[%emt 0:00:17]} 75. Kc4 {[%emt 0:00:33]} Rf4+ {[%emt 0:00:11]} 76. Kd5 {[%emt 0:00:55]} g4 {[%emt 0:00:19]} 77. hxg4 {[%emt 0:04:25]} Rxg4 {[%emt 0:00:03]} 78. Rf3 {[%emt 0:00:14]} Rg2 {[%emt 0:00:41]} 79. Bb3 {[%emt 0:01:00]} Rd2+ {[%emt 0:00:18]} 80. Ke4 {[%emt 0:00:22]} Rb2 {[%emt 0:00:43]} 81. Bg8 {[%emt 0:00:26]} Re2+ {[%emt 0:00:44]} 82. Kd3 {[%emt 0:01:42]} Rd2+ {[%emt 0:00:07]} 83. Ke4 {[%emt 0:00:15]} Rd4+ {[%emt 0:00:19]} 84. Kf5 {[%emt 0:00:30]} g6+ {[%emt 0:01:26]} 85. Ke6 {[%emt 0:01:30]} Kc5 {[%emt 0:00:52]} 86. Bf7 {[%emt 0:02:19]} e4 {[%emt 0:00:19]} 87. Rg3 {[%emt 0:01:22]} Rd6+ {[%emt 0:00:12]} 88. Ke7 {[%emt 0:00:05]} Bf6+ {[%emt 0:00:09]} 89. Kf8 {[%emt 0:00:12]} Rd8+ {[%emt 0:01:09]} 90. Be8 {[%emt 0:00:07]} g5 {[%emt 0:00:34]} 91. Kf7 {[%emt 0:00:08]} Rd6 {[%emt 0:00:25]} 92. Ba4 {[%emt 0:00:53]} Kd4 {[%emt 0:00:33]} 93. Rg4 {[%emt 0:00:16]} Bd8 {[%emt 0:00:35]} 94. Ke8 {[%emt 0:01:22]} Kd3 {[%emt 0:00:31]} 95. Bb5+ {[%emt 0:01:42]} Ke3 {[%emt 0:00:03]} 96. Bd7 {[%emt 0:00:24]} Rxd7 {[%emt 0:00:59]} 97. Kxd7 {[%emt 0:00:04]} Kf3 {[%emt 0:00:02]} 98. Rg1 {[%emt 0:00:09]} Kf2 {[%emt 0:00:20]} 99. Rc1 {[%emt 0:01:40]} Bf6 {[%emt 0:01:12]} 100. Rc2+ {[%emt 0:02:01]} Kf3 {[%emt 0:00:10]} 101. Rc8 {[%emt 0:00:35]} Bc3 {[%emt 0:00:15]} 102. Rf8+ {[%emt 0:00:06]} Ke2 {[%emt 0:00:16]} 103. Ke6 {[%emt 0:00:24]} e3 {[%emt 0:00:14]} 104. Kf5 {[%emt 0:00:24]} Kd1 {[%emt 0:00:13]} 1-0

[Event "Kerkinitida 2021"]
[Site "Yevpatoria"]
[Date "2021.10.23"]
[Round "5.4"]
[White "Baranov, Jury"]
[Black "Brusilovskiy, Boris"]
[Result "1/2-1/2"]
[WhiteElo "2147"]
[BlackElo "2067"]
[Annotator "ChessBase"]
[PlyCount "115"]
[EventDate "2021.10.19"]
[EventType "swiss"]
[SourceTitle "playchess.com"]
[Source "ChessBase"]
[SourceQuality "1"]
[TimeControl "5400+30"]

1. d4 {[%emt 0:00:01]} Nf6 {[%emt 0:00:27]} 2. Nf3 {[%emt 0:00:45]} d5 {[%emt 0:01:15]} 3. c4 {[%emt 0:00:10]} c5 {[%emt 0:00:37]} 4. cxd5 {[%emt 0:01:28]} cxd4 {[%emt 0:00:36]} 5. Qa4+ {[%emt 0:01:10]} Qd7 {[%emt 0:01:24]} 6. Qxd4 {[%emt 0:00:15]} Qxd5 {[%emt 0:00:42]} 7. Nc3 {[%emt 0:01:31]} Qxd4 {[%emt 0:00:32]} 8. Nxd4 {[%emt 0:00:07]} a6 {[%emt 0:00:27]} 9. g3 {[%emt 0:21:53]} e5 {[%emt 0:01:40]} 10. Nb3 {[%emt 0:00:31]} Bd7 {[%emt 0:06:49]} 11. Bg5 {[%emt 0:05:32]} Bc6 {[%emt 0:00:58]} 12. f3 {[%emt 0:00:10]} h6 {[%emt 0:09:41]} 13. Bxf6 {[%emt 0:02:11]} gxf6 {[%emt 0:00:06]} 14. O-O-O {[%emt 0:03:06]} a5 {[%emt 0:04:17]} 15. e4 {[%emt 0:08:59]} a4 {[%emt 0:01:59]} 16. Nd2 {[%emt 0:00:33]} Ra5 {[%emt 0:07:16]} 17. Nc4 {[%emt 0:03:44]} Rc5 {[%emt 0:01:02]} 18. Kb1 {[%emt 0:01:06]} b5 {[%emt 0:13:54]} 19. Ne3 {[%emt 0:03:51]} Be7 {[%emt 0:17:04]} 20. Ned5 {[%emt 0:04:06]} Bd8 {[%emt 0:01:11]} 21. Bh3 {[%emt 0:04:47]} O-O {[%emt 0:02:12]} 22. a3 {[%emt 0:03:45]} Kg7 {[%emt 0:00:37]} 23. Ne3 {[%emt 0:01:04]} Na6 {[%emt 0:01:02]} 24. Ncd5 {[%emt 0:01:16]} Bxd5 {[%emt 0:07:45]} 25. Nxd5 {[%emt 0:00:22]} Ba5 {[%emt 0:04:19]} 26. Rc1 {[%emt 0:00:15]} Rb8 {[%emt 0:02:35]} 27. Bd7 {[%emt 0:08:43]} b4 {[%emt 0:08:08]} 28. axb4 {[%emt 0:00:45]} Bxb4 {[%emt 0:01:15]} 29. Nxb4 {[%emt 0:04:15]} Rxb4 {[%emt 0:00:28]} 30. Bc8 {[%emt 0:00:48]} Ra5 {[%emt 0:04:15]} 31. Bxa6 {[%emt 0:00:28]} Rxa6 {[%emt 0:00:02]} 32. Ka2 {[%emt 0:00:37]} Rb3 {[%emt 0:01:04]} 33. Rc3 {[%emt 0:02:05]} Rab6 {[%emt 0:00:29]} 34. Rxb3 {[%emt 0:00:16]} Rxb3 {[%emt 0:00:12]} 35. Rf1 {[%emt 0:00:01]} Re3 {[%emt 0:00:44]} 36. Rf2 {[%emt 0:00:19]} h5 {[%emt 0:00:41]} 37. Kb1 {[%emt 0:01:39]} Kg6 {[%emt 0:00:05]} 38. Kc2 {[%emt 0:00:18]} f5 {[%emt 0:00:31]} 39. exf5+ {[%emt 0:00:24]} Kxf5 {[%emt 0:00:03]} 40. Kd2 {[%emt 0:00:11]} Rb3 {[%emt 0:00:14]} 41. Ke1 {[%emt 0:00:27]} Kg5 {[%emt 0:01:06]} 42. h4+ {[%emt 0:00:38]} Kg6 {[%emt 0:00:40]} 43. Kf1 {[%emt 0:05:10]} e4 {[%emt 0:00:53]} 44. Kg2 {[%emt 0:00:01]} exf3+ {[%emt 0:00:02]} 45. Rxf3 {[%emt 0:00:26]} Rxb2+ {[%emt 0:00:13]} 46. Kh3 {[%emt 0:00:00]} Rb3 {[%emt 0:00:23]} 47. Rf4 {[%emt 0:00:03]} a3 {[%emt 0:00:45]} 48. Ra4 {[%emt 0:00:01]} Kf5 {[%emt 0:00:41]} 49. Ra5+ {[%emt 0:00:10]} Kg6 {[%emt 0:00:48]} 50. Rg5+ {[%emt 0:00:37]} Kh6 {[%emt 0:00:31]} 51. Ra5 {[%emt 0:00:21]} f6 {[%emt 0:00:26]} 52. Ra6 {[%emt 0:01:06]} Kg6 {[%emt 0:00:15]} 53. Ra5 {[%emt 0:00:21]} f5 {[%emt 0:00:34]} 54. Ra6+ {[%emt 0:00:26]} Kg7 {[%emt 0:00:39]} 55. Kg2 {[%emt 0:00:03]} Rc3 {[%emt 0:00:43]} 56. Kf2 {[%emt 0:00:13]} Rd3 {[%emt 0:00:12]} 57. Kg2 {[%emt 0:00:22]} Kf7 {[%emt 0:00:32]} 58. Kf2 {[%emt 0:00:18]} 1/2-1/2

[Event "Kerkinitida 2021"]
[Site "Yevpatoria"]
[Date "2021.10.23"]
[Round "5.5"]
[White "Grinivetskii, Mark"]
[Black "Polukhin, Alexander"]
[Result "0-1"]
[WhiteElo "1350"]
[BlackElo "2152"]
[Annotator "NA"]
[PlyCount "42"]
[EventDate "2021.10.19"]
[EventType "swiss"]
[SourceTitle "playchess.com"]
[Source "ChessBase"]
[SourceQuality "1"]
[TimeControl "5400+30"]

1. e4 {[%emt 0:00:00]} e6 {[%emt 0:00:04]} 2. d4 {[%emt 0:00:06]} d5 {[%emt 0:00:04]} 3. e5 {[%emt 0:00:07]} c5 {[%emt 0:00:06]} 4. c3 {[%emt 0:00:05]} Nc6 {[%emt 0:00:03]} 5. Nf3 {[%emt 0:00:06]} Bd7 {[%emt 0:00:05]} 6. Be2 {[%emt 0:00:11]} f6 {[%emt 0:00:08]} 7. exf6 {[%emt 0:00:10]} Nxf6 {[%emt 0:00:13]} 8. O-O {[%emt 0:00:11]} Bd6 {[%emt 0:00:24]} 9. Bg5 {[%emt 0:00:09]} O-O {[%emt 0:00:25]} 10. Qc2 {[%emt 0:00:21]} Qe8 {[%emt 0:01:50]} 11. Bd3 {[%emt 0:00:26]} Qh5 {[%emt 0:00:50]} 12. Bxf6 {[%emt 0:00:26]} Rxf6 {[%emt 0:00:08]} 13. Be2 {[%emt 0:00:06]} cxd4 {[%emt 0:01:23]} 14. h3 {[%emt 0:00:35]} e5 {[%emt 0:02:36]} 15. Nxd4 {[%emt 0:01:07]} Nxd4 {[%emt 0:02:02]} 16. cxd4 {[%emt 0:00:12]} Qg5 {[%emt 0:00:41]} 17. Kh2 {[%emt 0:01:12]} e4+ {[%emt 0:00:47]} 18. g3 {[%emt 0:00:53]} Rxf2+ {[%emt 0:00:56]} 19. Rxf2 {[%emt 0:01:03]} Qxg3+ {[%emt 0:00:06]} 20. Kh1 {[%emt 0:00:11]} Qxf2 {[%emt 0:00:11]} 21. Bd1 {[%emt 0:01:07]} Qf1# {[%emt 0:00:07]} 0-1

[Event "Kerkinitida 2021"]
[Site "Yevpatoria"]
[Date "2021.10.23"]
[Round "5.6"]
[White "Cherunov, Svyatoslav"]
[Black "Polukhin, Sergey"]
[Result "0-1"]
[WhiteElo "1240"]
[BlackElo "1410"]
[Annotator "NA"]
[PlyCount "64"]
[EventDate "2021.10.19"]
[EventType "swiss"]
[SourceTitle "playchess.com"]
[Source "ChessBase"]
[SourceQuality "1"]
[TimeControl "5400+30"]

1. e4 {[%emt 0:00:03]} c5 {[%emt 0:00:05]} 2. Nf3 {[%emt 0:00:05]} Nc6 {[%emt 0:00:02]} 3. Nc3 {[%emt 0:00:18]} g6 {[%emt 0:00:12]} 4. d3 {[%emt 0:00:31]} Bg7 {[%emt 0:00:07]} 5. Bd2 {[%emt 0:00:08]} Nf6 {[%emt 0:00:20]} 6. g3 {[%emt 0:00:16]} O-O {[%emt 0:00:11]} 7. Bg2 {[%emt 0:00:06]} d6 {[%emt 0:00:40]} 8. h3 {[%emt 0:00:08]} Bd7 {[%emt 0:01:08]} 9. O-O {[%emt 0:00:10]} Kh8 {[%emt 0:06:54]} 10. Re1 {[%emt 0:00:22]} Ng8 {[%emt 0:01:52]} 11. Rb1 {[%emt 0:00:45]} Rb8 {[%emt 0:02:37]} 12. Re2 {[%emt 0:02:31]} b5 {[%emt 0:03:13]} 13. Qc1 {[%emt 0:00:51]} Be6 {[%emt 0:04:43]} 14. a3 {[%emt 0:01:49]} a5 {[%emt 0:05:17]} 15. Nd5 {[%emt 0:01:20]} b4 {[%emt 0:07:48]} 16. c3 {[%emt 0:00:49]} bxa3 {[%emt 0:07:52]} 17. bxa3 {[%emt 0:00:25]} Qd7 {[%emt 0:00:18]} 18. Nb6 {[%emt 0:02:47]} Qa7 {[%emt 0:01:07]} 19. Nd5 {[%emt 0:00:45]} Rxb1 {[%emt 0:03:59]} 20. Qxb1 {[%emt 0:00:09]} Rb8 {[%emt 0:00:03]} 21. Qa2 {[%emt 0:00:24]} a4 {[%emt 0:01:20]} 22. Re1 {[%emt 0:00:31]} Qb7 {[%emt 0:08:57]} 23. Bc1 {[%emt 0:02:05]} Bxc3 {[%emt 0:03:49]} 24. Re2 {[%emt 0:01:47]} Qb1 {[%emt 0:13:03]} 25. Qxb1 {[%emt 0:02:17]} Rxb1 {[%emt 0:00:04]} 26. Rc2 {[%emt 0:00:39]} Bg7 {[%emt 0:00:18]} 27. Kh2 {[%emt 0:01:52]} Na5 {[%emt 0:04:08]} 28. Nf4 {[%emt 0:01:48]} Bb3 {[%emt 0:00:43]} 29. Ng5 {[%emt 0:06:08]} f6 {[%emt 0:03:09]} 30. Nfe6 {[%emt 0:06:34]} fxg5 {[%emt 0:00:34]} 31. Nxg7 {[%emt 0:00:21]} Bxc2 {[%emt 0:00:18]} 32. Ne6 {[%emt 0:01:06]} Rxc1 {[%emt 0:00:06]} 0-1

[Event "Kerkinitida 2021"]
[Site "Yevpatoria"]
[Date "2021.10.23"]
[Round "5.7"]
[White "Samson, Anna Rao. T"]
[Black "Iljin, Viktor"]
[Result "0-1"]
[WhiteElo "1573"]
[BlackElo "1066"]
[Annotator "NA"]
[PlyCount "86"]
[EventDate "2021.10.19"]
[EventType "swiss"]
[SourceTitle "playchess.com"]
[Source "ChessBase"]
[SourceQuality "1"]
[TimeControl "5400+30"]

1. e4 {[%emt 0:00:00]} d6 {[%emt 0:00:03]} 2. Nf3 {[%emt 0:00:09]} Nd7 {[%emt 0:00:05]} 3. Nc3 {[%emt 0:00:10]} Ngf6 {[%emt 0:00:12]} 4. Bc4 {[%emt 0:00:11]} Nb6 {[%emt 0:00:15]} 5. Bb5+ {[%emt 0:00:58]} c6 {[%emt 0:00:42]} 6. Ba4 {[%emt 0:00:07]} Nxa4 {[%emt 0:00:31]} 7. Nxa4 {[%emt 0:00:10]} Nxe4 {[%emt 0:00:04]} 8. d3 {[%emt 0:01:47]} Nf6 {[%emt 0:00:28]} 9. Bg5 {[%emt 0:00:18]} Bg4 {[%emt 0:00:45]} 10. Qe2 {[%emt 0:01:01]} Bxf3 {[%emt 0:00:33]} 11. Qxf3 {[%emt 0:00:15]} Qa5+ {[%emt 0:00:02]} 12. Bd2 {[%emt 0:00:34]} Qxa4 {[%emt 0:00:17]} 13. b3 {[%emt 0:01:07]} Qg4 {[%emt 0:00:29]} 14. Qxg4 {[%emt 0:00:30]} Nxg4 {[%emt 0:00:09]} 15. O-O {[%emt 0:00:09]} g6 {[%emt 0:00:06]} 16. h3 {[%emt 0:00:13]} Nf6 {[%emt 0:00:05]} 17. Rae1 {[%emt 0:00:14]} Bg7 {[%emt 0:00:16]} 18. Bg5 {[%emt 0:00:08]} h6 {[%emt 0:00:07]} 19. Bxf6 {[%emt 0:01:00]} Bxf6 {[%emt 0:00:12]} 20. c4 {[%emt 0:00:20]} Kd7 {[%emt 0:00:17]} 21. a4 {[%emt 0:00:17]} a6 {[%emt 0:00:15]} 22. Re4 {[%emt 0:00:25]} b5 {[%emt 0:00:15]} 23. cxb5 {[%emt 0:00:18]} axb5 {[%emt 0:00:16]} 24. axb5 {[%emt 0:00:10]} cxb5 {[%emt 0:00:05]} 25. Rc1 {[%emt 0:00:30]} Rhc8 {[%emt 0:00:08]} 26. Rxc8 {[%emt 0:00:13]} Rxc8 {[%emt 0:00:05]} 27. Rb4 {[%emt 0:00:10]} Be5 {[%emt 0:00:17]} 28. g3 {[%emt 0:00:23]} Kc6 {[%emt 0:00:41]} 29. Re4 {[%emt 0:00:22]} f5 {[%emt 0:00:24]} 30. Re2 {[%emt 0:00:12]} Kd5 {[%emt 0:00:11]} 31. Kg2 {[%emt 0:00:15]} Rc3 {[%emt 0:00:06]} 32. Rd2 {[%emt 0:00:43]} Rxb3 {[%emt 0:00:12]} 33. h4 {[%emt 0:00:31]} Rb1 {[%emt 0:00:17]} 34. Kf3 {[%emt 0:00:18]} Re1 {[%emt 0:00:19]} 35. Kg2 {[%emt 0:00:10]} b4 {[%emt 0:00:02]} 36. f4 {[%emt 0:01:43]} Bd4 {[%emt 0:00:19]} 37. Kf3 {[%emt 0:00:21]} b3 {[%emt 0:00:07]} 38. Kg2 {[%emt 0:00:13]} b2 {[%emt 0:00:06]} 39. Kf3 {[%emt 0:00:05]} b1=Q {[%emt 0:00:07]} 40. g4 {[%emt 0:00:13]} Rd1 {[%emt 0:00:16]} 41. Re2 {[%emt 0:00:13]} Qxd3+ {[%emt 0:00:03]} 42. Kg2 {[%emt 0:00:19]} Rg1+ {[%emt 0:00:19]} 43. Kh2 {[%emt 0:00:08]} Qg3# {[%emt 0:00:09]} 0-1

[Event "Kerkinitida 2021"]
[Site "Yevpatoria"]
[Date "2021.10.23"]
[Round "5.8"]
[White "Aryslanov, Leonidas"]
[Black "Tihonov, Gennady"]
[Result "0-1"]
[WhiteElo "1121"]
[BlackElo "1827"]
[Annotator "NA"]
[PlyCount "98"]
[EventDate "2021.10.19"]
[EventType "swiss"]
[SourceTitle "playchess.com"]
[Source "ChessBase"]
[SourceQuality "1"]
[TimeControl "5400+30"]

1. e4 {[%emt 0:26:35]} e5 {[%emt 0:00:17]} 2. Qh5 {[%emt 0:01:07]} Nc6 {[%emt 0:00:48]} 3. Nc3 {[%emt 0:01:22]} Nf6 {[%emt 0:00:30]} 4. Qd1 {[%emt 0:00:57]} d5 {[%emt 0:02:03]} 5. exd5 {[%emt 0:00:27]} Nxd5 {[%emt 0:00:05]} 6. Nxd5 {[%emt 0:00:23]} Qxd5 {[%emt 0:00:06]} 7. b3 {[%emt 0:00:42]} Bc5 {[%emt 0:03:47]} 8. Bb2 {[%emt 0:01:37]} Bf5 {[%emt 0:04:23]} 9. c4 {[%emt 0:01:10]} Qd6 {[%emt 0:01:38]} 10. Nf3 {[%emt 0:00:58]} O-O {[%emt 0:03:02]} 11. Be2 {[%emt 0:00:21]} Rfe8 {[%emt 0:00:46]} 12. O-O {[%emt 0:00:37]} Rad8 {[%emt 0:00:40]} 13. d3 {[%emt 0:00:53]} Bxd3 {[%emt 0:00:57]} 14. Bxd3 {[%emt 0:00:10]} Qxd3 {[%emt 0:00:06]} 15. Qxd3 {[%emt 0:00:11]} Rxd3 {[%emt 0:00:04]} 16. Rad1 {[%emt 0:00:24]} Rxd1 {[%emt 0:05:05]} 17. Rxd1 {[%emt 0:00:19]} f6 {[%emt 0:00:44]} 18. Rd7 {[%emt 0:01:30]} Rd8 {[%emt 0:04:35]} 19. Rxd8+ {[%emt 0:00:29]} Nxd8 {[%emt 0:00:03]} 20. Nd2 {[%emt 0:00:31]} Kf7 {[%emt 0:00:27]} 21. Kf1 {[%emt 0:00:21]} Ke6 {[%emt 0:00:26]} 22. Ne4 {[%emt 0:00:28]} Be7 {[%emt 0:00:10]} 23. g3 {[%emt 0:00:27]} Nf7 {[%emt 0:04:14]} 24. f4 {[%emt 0:00:44]} exf4 {[%emt 0:00:45]} 25. gxf4 {[%emt 0:00:09]} Kf5 {[%emt 0:00:23]} 26. Nc3 {[%emt 0:00:14]} c6 {[%emt 0:00:26]} 27. Bc1 {[%emt 0:00:11]} g6 {[%emt 0:02:23]} 28. Be3 {[%emt 0:00:19]} a6 {[%emt 0:01:44]} 29. a3 {[%emt 0:00:24]} Bxa3 {[%emt 0:00:25]} 30. Bb6 {[%emt 0:00:08]} Kxf4 {[%emt 0:00:51]} 31. Ne2+ {[%emt 0:00:25]} Kg4 {[%emt 0:00:37]} 32. Bd4 {[%emt 0:00:33]} f5 {[%emt 0:00:13]} 33. Kg2 {[%emt 0:00:57]} Ng5 {[%emt 0:00:28]} 34. Kf2 {[%emt 0:00:50]} f4 {[%emt 0:00:20]} 35. Bf6 {[%emt 0:00:18]} Ne4+ {[%emt 0:00:08]} 36. Kg2 {[%emt 0:00:29]} f3+ {[%emt 0:00:13]} 37. Kf1 {[%emt 0:00:09]} fxe2+ {[%emt 0:00:17]} 38. Kxe2 {[%emt 0:00:11]} Nxf6 {[%emt 0:00:05]} 39. Kf2 {[%emt 0:00:08]} Kf4 {[%emt 0:00:21]} 40. h4 {[%emt 0:00:14]} Kg4 {[%emt 0:00:07]} 41. Ke3 {[%emt 0:00:11]} Kxh4 {[%emt 0:00:11]} 42. Ke2 {[%emt 0:00:28]} g5 {[%emt 0:00:15]} 43. Kf3 {[%emt 0:00:13]} Kh3 {[%emt 0:00:06]} 44. b4 {[%emt 0:00:22]} g4+ {[%emt 0:00:09]} 45. Kf2 {[%emt 0:00:00]} g3+ {[%emt 0:00:17]} 46. Kg1 {[%emt 0:00:09]} Ne4 {[%emt 0:00:34]} 47. b5 {[%emt 0:00:18]} Nd2 {[%emt 0:00:21]} 48. b6 {[%emt 0:00:20]} Bc5+ {[%emt 0:00:08]} 49. Kh1 {[%emt 0:00:15]} g2# {[%emt 0:00:09]} 0-1

[Event "Kerkinitida 2021"]
[Site "Yevpatoria"]
[Date "2021.10.24"]
[Round "6.1"]
[White "Triapishko, Alexandr"]
[Black "Kryakvin, Dmitry"]
[Result "1/2-1/2"]
[WhiteElo "2506"]
[BlackElo "2570"]
[Annotator "TA"]
[PlyCount "34"]
[EventDate "2021.10.19"]
[EventType "swiss"]
[SourceTitle "playchess.com"]
[Source "ChessBase"]
[SourceQuality "1"]

{[%evp 10,34,30,26,18,12,23,27,41,10,14,10,10,8,13,16,10,3,17,10,23,0,11,0,8,0,19]} 1. e4 c5 2. Nf3 d6 3. d4 cxd4 4. Nxd4 Nc6 5. Nc3 e5 6. Nf5 Bxf5 {B54: Sicilian: 2...d6 3 d4 cxd4 4 Nxd4, Unusual Lines .} 7. exf5 Qd7 {The main line 7...Qd7 scores better than 7...Nf6.} 8. Nd5 Nge7 {White has an edge.} 9. Bc4 Nxd5 10. Bxd5 Qxf5 11. c3 Qd7 12. Qb3 {[#]} Rc8 $146 ({Predecessor:} 12... Na5 13. Qb4 Nc6 14. Qc4 Rc8 15. Be3 g6 16. O-O-O Bg7 17. Kb1 O-O 18. Qd3 Ne7 {½-½ (47) Morrow,W (2455)-Esen,N (2433) ICCF email 2015}) 13. O-O Na5 14. Qb4 Nc6 15. Qb3 Na5 {The position is equal.} 16. Qb4 Nc6 17. Qb3 Na5 {A rather calm draw.  Weighted Error Value: White=0.07/Black=0.01} 1/2-1/2

[Event "Kerkinitida 2021"]
[Site "Yevpatoria"]
[Date "2021.10.24"]
[Round "6.3"]
[White "Iljin, Viktor"]
[Black "Demidov, Mikhail"]
[Result "0-1"]
[WhiteElo "1066"]
[BlackElo "2551"]
[Annotator "TA"]
[PlyCount "52"]
[EventDate "2021.10.19"]
[EventType "swiss"]
[SourceTitle "playchess.com"]
[Source "ChessBase"]
[SourceQuality "1"]

{[%evp 9,51,25,34,6,38,0,10,0,8,2,0,0,0,0,0,-30,10,-46,-20,-68,-57,-187,-80,-102,-90,-91,-104,-119,-122,-116,-114,-180,-149,-255,-252,-607,-610,-686,-683,-976,-957,-29998,-29999,-29999]} 1. d4 Nc6 2. c4 e5 3. d5 Nce7 4. e4 Ng6 5. Nc3 Bc5 6. Nf3 {A40: Unusual replies to 1 d4.} (6. Bd3 {is more complex.} Nf6 7. h4 d6 8. Na4 Bg4 9. Ne2) 6... d6 7. h3 Nf6 8. Bd3 {The position is equal.} O-O 9. O-O a6 10. a3 Nh5 11. b4 Ba7 {[#]} 12. Kh1 $146 ({Predecessor:} 12. Ne2 Nh4 13. Nxh4 Qxh4 14. Qc2 f5 15. exf5 g6 16. Be3 gxf5 17. Bxa7 Rxa7 18. c5 {0-1 (37) Iivonen,M (2075)-Kulaots,K (2555) Jyvaskyla 2018}) 12... Qe7 13. Qc2 (13. Bc2 $11) 13... Ngf4 14. Bxf4 Nxf4 15. Kh2 {[#]} (15. Ne2 $15) 15... f5 (15... Qf6 $1 $19 {and Black stays clearly on top.} 16. Qd2 {[#]} Nxh3 $1 {[%mdl 512]}) 16. exf5 Nxd3 17. Qxd3 {With the idea g4.} Bxf5 18. Ne4 Bxe4 19. Qxe4 Rf4 20. Qe2 (20. Qc2 $17) 20... Raf8 {[%cal Ba8f8,Bf8f4,Bf4f2][%mdl 32] ...e4 is the strong threat.} 21. Rae1 (21. c5 $17 {was necessary.}) 21... e4 $19 22. Qd3 $2 (22. Kh1) 22... Rxf3 ({Less strong is} 22... exd3 23. Rxe7 Rxc4 24. Rd1 $17) 23. gxf3 Qe5+ 24. f4 Rxf4 25. Rxe4 Rxf2+ {[%mdl 64] Discovered Attack (Double check)} 26. Kg1 Qh2# {Weighted Error Value: White=0.95/Black=0.12} 0-1